00930nam a2200205 450000500170000000800410001702000170005805000270007510000400010224501550014225000120029726000660030930000220037550001070039750400380050461000220054265000550056465000520061965100530067120170310103138.0170310b mx ||||| |||| 00| 0 spa d a97860777504104aGE199 .M67 bV45 20091 aVelazquez García, Mario Alberto. 14aLas luchas verdes : blos movimientos ambientalistas de Tepoztlán, Morelos, y el Cytrar en Hermosillo, Sonorac/ Mario Alberto Velázquez García  a1a ed.  aHermosillo, Sonora, México : bEl Colegio de Sonora,c2009. a544 p. ; c23 cm. aNota : Tesis (Doctorado en sociología) .- El Colegio de México, Centro de Estudios Sociológicos  aIncluye bibliografía e índice2 a CYTRARzMéxico 72LEMBaMovimiento ecologistazTepoztlán, Morelos  72LEMBaMovimiento ecologistazHermosillo, Sonora 72LEMBaTepoztlán, MorelosxPolítica ambiental